Tea processing / (Record no. 8517)
[ view plain ]
| 000 -LEADER | |
|---|---|
| fixed length control field | 00405cam a2200157ua 4500 |
| 041 ## - LANGUAGE CODE | |
| Language code of text/sound track or separate title | eng |
| 082 ## - DEWEY DECIMAL CLASSIFICATION NUMBER | |
| Classification number | 664.02877 |
| Item number | WER/TE |
| 100 ## - MAIN ENTRY--AUTHOR NAME | |
| Personal name | Werkhoven, J . |
| 245 ## - TITLE STATEMENT | |
| Title | Tea processing / |
| 250 ## - EDITION STATEMENT | |
| Edition statement | 1 / |
| 260 ## - PUBLICATION, DISTRIBUTION, ETC. (IMPRINT) | |
| Place of publication | Rome : |
| Name of publisher | Food and Agriculture organization of United States , |
| Year of publication | 1988. |
| 300 ## - PHYSICAL DESCRIPTION | |
| Number of Pages | 187 ; . |
| 942 ## - ADDED ENTRY ELEMENTS (KOHA) | |
| Koha item type | Books |
| Withdrawn status | Lost status | Damaged status | Home library | Current library | Shelving location | Date acquired | Full call number | Accession Number | Koha item type |
|---|---|---|---|---|---|---|---|---|---|
| KAUAET | KAUAET | General Stacks | 07/04/2012 | 664.02877 | 18656 | Books |
